000
00318 a2200121 4500
005
20250411083119.0
082
_a
658.87 SHA
100
_a
SHAFFER, H.
245
_a
Fundamentals of Retailing
260
_a
New York,
_b
McGraw-Hill,
_c
1965.
300
_a
191p., ill., table, figure,
_b
Index,
_c
23cm.
942
_2
ddc
_c
BKS
999
_c
1309
_d
1309